000 00564nam a22001817a 4500
005 20260129150425.0
008 260129b |||||||| |||| 00| 0 eng d
020 _a978-0-07-313768-1
100 _aDOANE, DAVID P.
245 _aAPPLIED STATISTICS IN BUSINESS AND ECONOMICS
250 _a2ND ED
260 _aNEW YORK
_bMCGRAW -HILL
_c2009
300 _aXV, 834P.
500 _aINCLUDES INDEX
650 _a1. COMMERCIAL STATISTICS 2. MAQNAGEMENT -STATISTICAL METHODS 3. ECONOMICS -STATISTICAL METHODS
700 _aSEWARD, LORI E.
942 _2lcc
_cBK
999 _c216501
_d216501